Statistics for 7 easternmost cities in England

Click here to take the quiz!

General Stats

  • This quiz has been taken 18 times
    (6 since last reset)
  • The average score is 2 of 7

Answer Stats

Answer% Correct
Norwich
100%
Southend-on-Sea
40%
Cambridge
20%
Chelmsford
20%
Ely
20%
Peterborough
20%
St Albans
20%

Score Distribution

Percentile by Number Answered

Percent of People with Each Score

Your Score History

You have not taken this quiz since the last reset